000 00911nac a22002537a 4500
001 BR9102778
003 BR-BrBNA
005 20240105121211.0
008 230509b bl.|||m| |||| 00| 0 por d
040 _aBR-BrBNA
_bpor
_cBiblioteca Nacional de Agricultura
072 _aF06
090 _a1410 BR9102778
110 1 _aCentro Nacional de Pesquisa em Arroz e Feijao, Goiania, GO (Brasil)
111 1 _a1. Reuniao sobre Feijao Irrigado (GO,DF,MG,ES,SP,RJ)
_cGoiania, GO (Brazil)
_d22-25 Nov 1988
245 1 _aAnais da 1. Reuniao sobre Feijao Irrigado (GO,DF,MG,ES,SP,RJ)
260 3 _aGoiania, GO (Brasil):
_c1990.
300 _a207 p.
490 _aDocumentos - Centro Nacional de Pesquisa em Arroz e Feijao (Brazil)
_vNo. 27
_xISSN 0101-9716
650 _aFEIJAO
650 _aCULTURA IRRIGADA
650 _aPRODUTIVIDADE
909 _a202312
_bLúcia Elande
_c55
_dLúcia Elande
942 _2AGRIS
_n0
_cMS
999 _c283897
_d283897